[Event "Turnier 40 / 120"]
[Site "Wien"]
[Date "2023.07.05"]
[Round "46"]
[White "Mephisto Phönix TM Vancouver - 36 MHZ"]
[Black "Millenium Chess Genius Pro - 120 MHZ"]
[Result "1-0"]
[BlackElo "2278"]
[WhiteElo "2291"]

{Analyse ---> Komodo 14.1.} 1. e4 c5 2. Nf3 d6 3. d4 cxd4 4. Qxd4 Nf6 5. e5
Nc6 6. Bb5 Qa5+ {Buchende} 7. Nc3 {Buchende} dxe5 {Buchbewertung MCGP:
-0,23, klar schwächer als Dxb5 danach wäre die Stellung im Lot} 8. Qxe5
{Buchbewertung TM Vancouver: +0,45, klar schwächer als Lxc6 lt. Komodo
steht Weiss knapp besser mit ca. +0,40} Bd7 9. Bxc6 Qxe5+ 10. Nxe5 Bxc6 11.
O-O e6 12. Nxc6 bxc6 13. Be3 Be7 14. Rad1 a6 15. Rfe1 O-O 16. Bg5 Rab8 17.
b3 Bb4 18. Bxf6 gxf6 19. Rd3 Rfd8 20. Red1 Rxd3 21. Rxd3 Kf8 22. f4 Ke7 23.
Kf2 f5 24. Ne2 Rd8 25. Rxd8 Kxd8 26. Ke3 Bd6 27. g3 f6 28. Nd4 Kd7 29. Kd3
c5 30. Nf3 e5 31. Nh4 Ke6 32. Kc4 {ein schwacher Zug, nach Sg2 ist Weiss
etwas im Vorteil, nach dem Textzug ist es umgekehrt, Komodo -0,40} exf4 33.
gxf4 Bxf4 34. Kxc5?? {ein Verlustzug, Komodo -1,60, nötig war Sf3 mit sehr
guten Remischancen für Weiss} Ke5? {ein ganz schlechter Zug, der den
Grossteil des Vorteiles sofort wieder verspielt, Komodo +0,50, gewonnen
hätte Lxh2} 35. Kb6 Ke4 36. c4 Bxh2? {nicht optimal, danach ist die Partie
bereits Remis, Komodo 0,00, Vorteil versprach Le3+} 37. c5 Bg1??? {ein
absoluter Verlustzug, danach ist die Partie sofort verloren, Komodo -6,00,
das Remis gesichert hätte Kf4} 38. b4 {TM Vancouver: +2,00 sieht bereits
den Gewinn} Bf2 {MCGP: -0,76 will es noch nicht wahr haben, Komodo -9,00}
39. Kxa6 {TM Vancouver: +2,48} Bxh4 {MCGP: -0,34 ?} 40. c6 {TM Vancouver:
+6,18} Bg3 {MCGP: -2,35} 41. b5 Kd5 {MCGP: -3,54} 42. Kb7 Bc7 {MCGP: -8,23}
43. b6 Bxb6 44. Kxb6 {Matt in 14 Rest geschenkt} 1-0
[/PGN]
[pgn]

[Event "Turnier 40 / 120"]
[Site "Wien"]
[Date "2023.07.07"]
[Round "47"]
[White "Millenium Chess Genius Pro - 120 MHZ"]
[Black "Mephisto Phönix TM Vancouver - 36 MHZ"]
[Result "1-0"]
[BlackElo "2291"]
[WhiteElo "2278"]

{Analyse -----> Komodo 14.1.} 1. d4 d5 2. Bg5 c6 3. Nf3 Qb6 4. b3 Bf5 5. e3
{Buchende} e6 6. Bd3 {Buchbewertung MCGP: +0,20} Bxd3 7. Qxd3 Nd7
{Buchende} 8. O-O Ngf6 {Buchbewertung TM Vancouver: 0,00 / lt. Komodo steht
Weiss knapp besser mit ca. +0,30} 9. c4 Bb4 10. c5 Qd8 11. a3 Ba5 12. Rc1
O-O 13. Nc3 Bc7 14. h3 Qb8 15. Bxf6 Nxf6 16. b4 e5 17. dxe5 Bxe5 18. Qf5
Re8 19. Qc2 Bxc3 20. Qxc3 Ne4 21. Qb2 Re6 22. Rc2 Qc7 23. Nd2 f5 24. b5 Rg6
25. bxc6 bxc6 26. Nxe4 fxe4 27. Rb1 Rf8 28. Qb7 Qa5 29. Qb2? {ein schwacher
Zug, danach steht Schwarz klar besser, Komodo -1,00, nach De7 wäre die
Stellung im Lot gewesen} a6? {gibt sofort den Vorteil retour, danach ist
die Stellung wieder im Lot, nötig war h6 mit klarem Vorteil} 30. Qa1?
{neuerlich schwach und wieder steht Schwarz klar besser, Komodo -1,20,
Augleich hätte Db6 gebracht} h6? {Schwerfigurenendspiele sind bekanntlich
problematisch für unser Oldies, wieder wird der Vorteil sofort verspielt,
Komodo 0,00, nötig war Dc7} 31. Kh1? {es geht hin und her, danach steht
Schwarz wieder klar besser, Komodo -1,00, nötig war Tb6} Kh7? {es bleibt
dabei, sofort Vorteil wieder abgegeben, hier gleicht wieder Tb6 aus, nötig
war wieder Dc7} 32. Rb6! {richtig, Komodo 0,00} Rf5 33. Kg1 Rfg5 34. g3 Rf5
35. Qc3 Qxc3 36. Rxc3 Rf3 37. Rc2 d4 38. exd4 e3 39. Rxa6 exf2+ 40. Rxf2
Rgxg3+ 41. Rg2 Rxh3 42. Rxc6 Rxa3 43. Re6 g5? {nicht optimal, das gefährdet
das Remis, nach Ta1+ wäre das Remis besiegelt} 44. Rb2 Rab3??? {ein
Verlustzug, jetzt braucht Weiss nur noch den Turm zu tauschen und dann
laufen die Bauern einfach, die viel weiter vorgerückt sind als die
schwarzen Bauern, verliert sofort, Komodo -6,00, nach Tag3 ist noch nichts
entschieden} 45. Ra2??? {verschenkt fast alles, Komodo +0,70} Ra3??? {der
gleiche Fehler gleich nochmals, natürlich ist Tbg3+ zu spielen, verliert
wieder sofort nach gleichem Prinzip wie zuvor} 46. Rxa3 {na logisch, da
wird Weiss jetzt nicht mehr ausweichen und auf Remis spielen praktisch
erzwungen, MCGP sieht zwar noch keinen grossen Vorteil nur +0,40, aber hier
ist es natürlich ein Selbstläufer, mein letzter Kommentar !} Rxa3 47. c6
Rc3 48. d5 h5 49. Re7+ {Rest geschenkt} 1-0
[/pgn]
[pgn]

[Event "Turnier 40 / 120"]
[Site "Wien"]
[Date "2023.07.09"]
[Round "48"]
[White "Mephisto Phönix TM Vancouver - 36 MHZ"]
[Black "Millenium Chess Genius Pro - 120 MHZ"]
[Result "1/2-1/2"]
[BlackElo "2278"]
[WhiteElo "2291"]

{Analyse -----> Komod 14.1.} 1. e4 c5 2. Nf3 d6 3. d4 {Buchende} Nf6 4. Nc3
cxd4 5. Nxd4 a6 6. g3 {TM Vancouver wieder im Buch} e5 7. Nde2 Nbd7 8. Bg2
b5 {Buchende} 9. O-O Bb7 {Buchbewertung MCGP: +0,35} 10. h3 Be7 11. a3
{Buchende} Nc5 12. f3 {Buchbewertung TM Vancouver: -0,78 kein guter Zug
deutlich besser ist Lg5 / lt. Komodo steht Schwarz damit etwas besser mit
ca. +0,50, nach Lg5 wäre die Stellung etwa gleich} O-O 13. Be3 Rc8 14. Qd2
Ncd7 15. Rad1 Nb6 16. Qc1 Qc7 17. Kh2 Rfd8 18. Bg5? {ein schwacher Zug,
danach steht Schwarz bereits klar besser, Komodo -1,00, deutlich besser ist
f4 mit ca. -0,50} d5! 19. exd5 Nbxd5 20. Nxd5 Rxd5 21. c3 Qc4 22. Qc2 Rcd8
23. Nc1 h6 24. Be3 Rxd1 25. Rxd1 Rxd1 26. Qxd1 Qc8 27. Qc2 {Weiss konnte
seine Stellung etwas konsolidieren, Komodo -0,60} Bc6 28. Nd3 Nd5 {besser
ist Ld6, nach dem Textzug ist die Stellung im Lot} 29. Ba7 Qf5 30. Qe2 f6
31. Bc5 Qd7 32. Qc2 Kh8 33. Bxe7 Qxe7 34. Qf2 Qd7 35. Nc5 Qc8 36. h4 a5 37.
Ne4 Qa6? {ein schlechter Zug, danach ist Weiss im Vorteil, Komodo -1,00,
Ausgleich sichert Df8} 38. Qc5 Qb7? {ein Verlustzug, danach ist die Partie
praktisch schon verloren, Komodo -2,00, deutlich mehr Widerstand leistet
Kh7} 39. Bh3? {ein schwacher Zug, der den Vorteil von Weiss etwa halbiert,
Komodo +1,00, deutlich stärker ist f4} Kh7 40. Qd6 Be8? {ein Verlustzug,
danach ist die Partie wieder verloren, Komodo -2,00, deutlich mehr
Widerstand leistet Se7} 41. Qd8? {ein schlechter Zug, der neuerlich den
Vorteil von Weiss halbiert, Komodo +1,00, gewonnen hätte hier bereits Le6}
Qc6 42. Bf5+? {ein ganz schlechter Zug, der alles verschenkt, danach ist
die Stellung wieder im Lot, Komodo 0,00, Weiss hätte durchaus Dxa5 den
Bauerngewinn einfahren können} Bg6! {richtig, sofort verloren hätte der von
TM Vanvouer vorgeschlagene Zug 42. g6 ?} 43. Bxg6+ Kxg6 44. Qxa5??? {stellt
die Partie komplett auf den Kopf, danach steht Schwarz bereits klar besser,
Komodo -1,20, Ausgleich sichert Dd6} Qc4? {nicht ideal, gibt den gesamten
Vorteil wieder aus der Hand, das führt nur zum Ausgleich, Komodo 0,00} 45.
Qa7 f5 46. h5+ Kh7 47. Qf7 fxe4 48. Qg6+ Kg8 49. Qe8+ Kh7 50. Qg6+ Kh8 51.
Qe8+ Kh7 52. Qg6+ {Stellungswiederholung} 1/2-1/2
[/pgn]
[pgn]

[Event "Turnier 40 / 120"]
[Site "Wien"]
[Date "2023.07.09"]
[Round "49"]
[White "Millenium Chess Genius Pro - 120 MHZ"]
[Black "Mephisto Phönix TM Vancouver - 36 MHZ"]
[Result "0-1"]
[BlackElo "2291"]
[WhiteElo "2278"]

{Analyse ----> Komodo 14.1.} 1. e4 e5 2. Bc4 Nf6 3. d3 Nc6 4. Nf3 Be7 5.
O-O O-O {Buchende} 6. Re1 d6 {Buchbewertung TM Vancouver: -0,06} 7. a4 Bg4
8. h3 {Buchende} Bh5 9. Bg5 {Buchbewertung MCGP: -0,04, nicht ideal, besser
ist c3, lt. Komodo ist die Stellung exakt im Lot 0,00} h6 10. Bxf6 Bxf6 11.
c3 Bg5 12. Bd5 a6 13. g4 Bg6 14. Nbd2 h5 {besser ist Se7} 15. Nc4 hxg4 16.
hxg4 Bf4 17. Ne3 Rb8 18. Ng2 {besser ist Kg2} Qf6 19. Ngh4 {nicht ideal,
besser ist Sxf4, Komodo -0,50} Ne7 20. Bb3 Bh7 21. Ng2 Nc6 {besser ist Sg6}
22. Bd5 Qh6 23. Nxf4 Qxf4 24. Nh4 Qh6 25. Ng2 Ne7 26. Bc4 Bg6 27. Qc1 Qxc1
28. Rexc1 Rbd8 29. Nh4 c6 30. Re1 Rfe8 31. a5 Kf8 32. Ra4 d5 33. Bb3 dxe4
34. dxe4 Rd7 35. Rb4 Red8 36. Nxg6+? {der 1. wirklich schlechte Zug der
Partie, danach steht Schwarz klar besser, Komodo -1,70, nötig war Kg2 mit
Ausgleich} Nxg6 37. Bc4 Nf4 38. Kf1? {ein Verlustzug, danach ist die Partie
bereits klar verloren, Komodo -3,00, deutlich besser ist Le2} Re7?
{eindeutig die falsche Figur, der König muss nach e7 und dann weiter über
f6 nach g5 und Schwarz gewinnt bereits, der Textzug ist ganz schwach und
halbiert den Vorteil von Schwarz, Komodo +1,50} 39. Rc1? {ganz schwach,
nötig war Lb3, Komodo -2,70, verliert bereits wieder} Rd6 {besser ist Ted7,
Komodo +2,20} 40. Rb6? {klar schwächer als Te1, Komodo -3,00} Red7 41. Kg1?
{falsche Richtung, besser ist noch Ke1, nach dem Textzug ist alles aus,
Komodo -4,00} Rd2?? {ein ganz schlechter Zug, der den Vorteil von Schwarz
halbiert, Komodo +2,00, gewonnen hätte hier schon klar Th6} 42. Rf1? {diese
Stellung überfordert beide Geräte auch hier die falsche Figur, der Läufer
muss nach f1, Komodo -3,00, allerdings muss man sagen, die Partie ist
verloren aus Sicht von Komodo 14.1. , für einen Oldie ist das noch ein
weiter Weg zum Gewinn, das ist noch nicht erledigt.} Ke7 {TM Vancouver:
+0,60 sieht hier noch keinen klaren Gewinn} 43. Kh2 {MCGP: -0,90} Kd8 44.
Kg3 f6 45. Rh1 {MCGP: -0,31 / Komodo -2,50} Kc7 {TM Vancouver: +0,24, aber
ehrlich so leicht ist der Gewinn hier nicht zu sehen, noch ist bei Weiss
alles gedeckt, wie gewinnt man das ? nicht leicht für einen Oldie} 46.
Rh7?? {ein ganz schlechter Zug, der forciert verliert, Komodo -4,00, nötig
war Tb3 mit ca. -2,50} Rd1! 47. Rb3 {besser ist noch Kh2, Komodo -5,50}
Kd6! 48. Rb4 Ra1 49. Kf3 Rxa5 50. Bg8 Kc7 {deutlich stärker ist Ta1, aber
auch der Textzug gewinnt klar, Komodo +5,00} 51. g5 fxg5 52. Rb3 Ra1 53.
Kg4 Rg1+ 54. Kf5 Nd3 55. Ra3 Rf1 56. Rh2 {Komodo -9,00} Rd6! 57. Rg2 Rf6+
58. Kxg5 Nf4 59. Rg3 Rxf2 60. c4 Rxb2 61. Kg4 Rf8 62. Ra5 Rxg8 {Rest
geschenkt} 0-1
[/pgn]
[pgn]

[Event "Turnier 40 / 120"]
[Site "Wien"]
[Date "2023.07.11"]
[Round "50"]
[White "Mephisto Phönix TM Vancouver - 36 MHZ"]
[Black "Millenium Chess Genius Pro - 120 MHZ"]
[Result "0-1"]
[BlackElo "2278"]
[WhiteElo "2291"]

{Analyse ----> Komodo 14.1.} 1. e4 e5 2. Nf3 Nc6 3. Bb5 Nge7 4. O-O g6 5.
c3 {Buchende} a6 6. Ba4 {Buchbewertung TM Vancouver: +0,60} Bg7 7. d4 exd4
{Buchende} 8. Nxd4 O-O {Buchbewertung MCGP: -0,15 / lt. Komodo ist die
Stellung etwa gleich} 9. Bg5 Nxd4 10. cxd4 h6 11. Bf4 d5 12. e5 c6 13. Nc3
Qb6 14. Bb3 Nf5 15. Ne2 a5 16. Qd2 Re8 17. Rab1 f6 18. exf6 Bxf6 19. Bc2
Bg7 20. a3 Re7 21. Be3 Kh7 22. b4 axb4 23. Rxb4 {besser ist axb4} Qa5 24.
Bxf5?? {ein ganz schlechter Zug, sich hier freiwillig vom Läuferpaar zu
trennen ist keine gute Idee, danach steht Schwarz bereits klar besser,
Komodo -1,00, deutlich besser ist Sf4 oder Tfb1} Bxf5 25. Ra1?? {ein
Verlustzug, danach ist die Partie bereits klar verloren, Komodo -2,10,
deutlich besser ist Sg3} Bf8 26. Rb2 Qxd2 27. Rxd2 b5 28. Ng3 Bc8 29. Rc2
Ra6 30. Rf1 Rea7 31. Bf4? {nochmals ganz schwach, klar besser ist noch Lc1,
Komodo -2,50} Bd7 32. h3 Bg7? {weit schwächer als Txa3 büsst etwa eine
Bauerneinheit ein, Komodo +1,60} 33. Ne2 Rxa3 34. Rfc1? {ein schlechter
Zug, mehr Widerstand leistet noch Ld6, Komodo -2,50} R7a4? {klar schwächer
als Lf8, Komodo +1,60} 35. Rd2?? {verpasst neuerlich das klar zu
bevorzugende Ld6, Komodo -2,70} Ra1 36. Rxa1 Rxa1+ 37. Kh2 Bf6 {klar
schwächer als Lf8, Komodo +2,00} 38. Bd6 Kg7 {deutlich schwächer als Lf5,
Komodo +1,30} 39. Rc2? {ein schlechter Zug, der eine ganze Bauerneinheit
einbüsst, Komodo -2,20, deutlich besser ist g4} g5? {der falsche Bauer,
weit besser ist h5, Komodo +1,60} 40. Kg3? {eine schwierige Stellung für
beide Geräte, die hier nicht die idealen Züge finden können, wieder wird
das klar zu bevorzugende g4 verpasst, Komodo -2,20, hier beende ich
vorläufig die weitere Kommentierung mit diesem generellen Kommentar,
ansonsten muss man buchstäblich jeden einzelnen Zug kommentieren.} Kf7 41.
f4 Ra4 42. Be5 gxf4+ 43. Kxf4 Bg5+ 44. Kg3 Ra3+ 45. Kh2 Bf6 {deutlich
stärker ist b4, Komodo +2,00} 46. Bxf6 Kxf6 47. Ng1? {weit schwächer als
Sc1, Komodo -3,00} b4! 48. Rb2? {besser ist noch Tf2+, rettet aber auch
nichts mehr, Komodo -5,00} b3 49. Nf3 Bf5 50. Kg3 Bd3 {besser ist Lc2, aber
es spielt keine Rolle mehr, Komodo +4,00} 51. Kf4 Bc4 52. g4 Ra2 53. Rb1
Re2 {Rest geschenkt} 0-1
[/pgn]